000 00780nam a22002057a 4500
999 _c19280
_d19280
003 AR-CdUCM
008 190517b ||||| |||| 00| 0 spa d
040 _aMUNICIPALIDAD PROVINCIAL DEL CUSCO
_cBIBLIOTECA MUNICIPAL DEL CUSCO
082 _a338.0774 /
_bR77
100 _aRojas García, Antonio
_940533
245 _aTratado de economía industrial /
260 _aMéxico, D.F :
_bUniversidad Nacional Autónoma de México,
_c1964.
300 _a812 páginas ;
_c21 cm.
505 _aContenido: Definiciones y conceptos de industria -- La industria a través del tiempo -- Teoría de la industrialización...
650 _aEconomía industrial
_935195
650 _aTextos universitarios
_923213
650 _aMéxico
_918
942 _2ddc
_cLIBROS
945 _adavv
_d2019-05-17